000 00619nam a22002057a 4500
005 20251108164957.0
008 250721s1995 xx 000 0 ara d
082 1 4 _a810.9562/جبر
100 1 _aالقوال، أنطوان
_eجمع
245 1 0 _aالمجموعة الكاملة لمؤلفات جبران خليل جبران /
264 1 _aبيروت :
_bدار الجيل،
_c1995.
300 _a
650 1 7 _aالشعر العربي
650 1 7 _aالنقد الأدبي
650 1 7 _aالرسائل
650 1 7 _aلبنان
650 1 7 _aالأدب العربي
942 _2ddc
_cBK
999 _c18890
_d18890